Mocenské elity a problematika prisťahovalectva v Európe

Oblasť problematiky prisťahovalectva a medzinárodnej migrácie na Európskom kontinente na začiatku 21. storočia, je dnes súčasťou politického a ekonomického vývoja.

Gespeichert in:
Bibliographische Detailangaben
1. Verfasser: Liďák, Ján
Format: Buchkapitel
Sprache:Slowakisch
Schlagworte:
Tags: Tag hinzufügen
Keine Tags, Fügen Sie das erste Tag hinzu!

MARC

LEADER 00000naa$a2200000$$$4500
001 0168839
005 20240502083412.1
041 0 |a slo 
044 |a CZ 
245 1 0 |a Mocenské elity a problematika prisťahovalectva v Európe  |c Ján Liďák 
520 |a Oblasť problematiky prisťahovalectva a medzinárodnej migrácie na Európskom kontinente na začiatku 21. storočia, je dnes súčasťou politického a ekonomického vývoja. 
610 2 0 |a Európa 
610 2 0 |a migrácia 
610 2 0 |a imigrácia 
610 2 0 |a cudzinci 
610 2 0 |a pohyb obyvateľstva 
610 2 0 |a globalizácia 
610 2 0 |a politika azylová 
610 2 0 |a vzťahy politické medzinárodné 
100 1 |a Liďák, Ján